| 000 | 00365nam a2200145Ia 4500 | ||
|---|---|---|---|
| 020 | _a0256030812 | ||
| 082 | _a368.43 ALL | ||
| 100 |
_aAllen, E. T. _94797 |
||
| 245 | _aPension planning | ||
| 260 |
_aHomewood, II: _bRichard D. Irwin _c1984 |
||
| 300 | _axiii, 448p. :ill. ;24cm. | ||
| 500 | _aIncudes index | ||
| 650 |
_aPensionsSocial security _92306 |
||
| 942 | _cBK | ||
| 999 |
_c5707 _d5707 |
||